| 000 | 01098nam a2200265 a 4500 | ||
|---|---|---|---|
| 003 | BLK | ||
| 005 | 20240717131501.0 | ||
| 008 | 190705b bu o|||gr|||| 00| 0 bu d | ||
| 020 | _a9786197300840 | ||
| 040 | _aBLK | ||
| 041 |
_aBUL _cBUL |
||
| 080 |
_aОткривателски пътешествия. Експедиции _b910.4 _x(8) _z910.4(8) |
||
| 080 |
_aБългарска литература _b821.163.2 _x-992 _z821.163.2-992 |
||
| 100 |
_aЛаптева, Гергана Гришева _eпърви автор _91299 |
||
| 139 |
_aЛаптева, Гергана Гришева _bЛ 24 |
||
| 245 |
_aВрата на боговете _bЮжна Америка - истории от света на инките |
||
| 260 |
_9214255 _aСофия _bВакон _c2019 _n978-619-7300- ; 978-954-9535- ; 978-954-91843- |
||
| 300 |
_a160 с. _bс цв. ил. _c24 см |
||
| 380 | _a91 | ||
| 650 | 0 |
_9401232 _aЮжна Америка - пътеписи |
|
| 852 |
_bП _c910.4/Л 24 Г |
||
| 942 |
_cKNG _n0 _s1 _011 |
||
| 944 |
_aCR _c2019-11-28 _k30576 _lЦветомила Тодорова |
||
| 944 | _aED | ||
| 999 |
_c346819 _d346819 |
||